Alle Pokémon - Attacken vom Typ "Fee" - Statistiken

Allgemein
  • Dieses Quiz wurde 20 mal gespielt
    13 seit der letzten Aktualisierung
  • Das Durchschnittsergebnis liegt bei 13 aus 34
Antwortstatistiken
Antwort % Korrekt
Feenbrise
90%
Knuddler
80%
Mondgewalt
80%
Bitterkuss
70%
Diebeskuss
70%
Zauberschein
70%
Charme
60%
Mondschein
60%
Feenschloss
50%
Geokontrolle
50%
Kanonenbouquet
50%
Kulleraugen
50%
Nebelfeld
50%
Säuselstimme
50%
Lux Calamitatis
40%
Naturzorn
40%
Nebelexplosion
30%
Seelenbruch
30%
Trickschutz
30%
Wunderdampf
30%
Zauberturbo
30%
Alolas Wächter
20%
Duftwolke
20%
Dyna -Zauber
20%
Florakur
20%
Frühlingsorkan
20%
Herzliche Knuddelkloppe
20%
Lockstimme
20%
Entzückender Sternenstoß
10%
Floraschutz
10%
Giga -Lichtblick
10%
Giga -Sanktion
10%
Glitzersturm
0%
Verzierung
0%
Keine übereinstimmenden Quizze gefunden
Verteilung der Resultate
Anzahl Personen mit jedem Resultat
Perzentil nach korrekt beantworteten Fragen
Ihre Resultats-Entwicklung
Sie haben dieses Quiz seit der letzten Aktualisierung nicht gespielt